<?xml version="1.0" encoding="UTF-8"?>
<collection xmlns="http://www.loc.gov/MARC21/slim">
 <record>
  <leader>01518nam a22001937a 4500</leader>
  <controlfield tag="001">NCT_78464</controlfield>
  <controlfield tag="008">200423b        xxu||||| |||| 00| 0 vie d</controlfield>
  <datafield tag="999" ind1=" " ind2=" ">
   <subfield code="c">3827</subfield>
   <subfield code="d">3827</subfield>
  </datafield>
  <datafield tag="020" ind1=" " ind2=" ">
   <subfield code="a">9786048021474</subfield>
   <subfield code="c">90000</subfield>
  </datafield>
  <datafield tag="082" ind1="0" ind2="4">
   <subfield code="2">23rd ed.</subfield>
   <subfield code="a">615.8</subfield>
   <subfield code="b">D507</subfield>
  </datafield>
  <datafield tag="100" ind1="1" ind2=" ">
   <subfield code="a">Nguyễn Quang Duệ</subfield>
  </datafield>
  <datafield tag="245" ind1="1" ind2="0">
   <subfield code="a">Kiểm soát thông tin trong cơ thể :</subfield>
   <subfield code="b">Bí quyết sống khỏe, sống lâu</subfield>
   <subfield code="c">Nguyễn Quang Duệ</subfield>
  </datafield>
  <datafield tag="260" ind1=" " ind2=" ">
   <subfield code="a">H.</subfield>
   <subfield code="b">Thông tin và truyền thông</subfield>
   <subfield code="c">2016</subfield>
  </datafield>
  <datafield tag="300" ind1=" " ind2=" ">
   <subfield code="a">156 tr.</subfield>
   <subfield code="b">Minh họa</subfield>
   <subfield code="c">24cm</subfield>
  </datafield>
  <datafield tag="520" ind1="3" ind2=" ">
   <subfield code="a">Cuốn sách đề cập đến các vấn đề về năng lượng và thông tin, liên quan trực tiếp đến các cơ chế chuyển tải năng lượng - thông tin trong không gian vũ trụ và cơ thể sống tạo dựng nên sức khỏe, với mục đích chính là hướng dẫn phương pháp luyện tập tăng cường sức khỏe, tuổi thọ, có cuộc sống tươi vui. Cuốn sách cũng đề cập đến các lĩnh vực thông tin có tính thời sự cao như thông tin vô thức, thông tin toàn ảnh, ý thức vũ trụ, các bit lượng tử sinh học,v.v.</subfield>
  </datafield>
  <datafield tag="653" ind1=" " ind2=" ">
   <subfield code="a">Dược học</subfield>
  </datafield>
  <datafield tag="942" ind1=" " ind2=" ">
   <subfield code="2">ddc</subfield>
   <subfield code="c">BK</subfield>
  </datafield>
  <datafield tag="952" ind1=" " ind2=" ">
   <subfield code="0">0</subfield>
   <subfield code="1">0</subfield>
   <subfield code="2">ddc</subfield>
   <subfield code="4">0</subfield>
   <subfield code="6">615_800000000000000_D507</subfield>
   <subfield code="7">0</subfield>
   <subfield code="9">19446</subfield>
   <subfield code="a">000001</subfield>
   <subfield code="b">000001</subfield>
   <subfield code="d">2020-04-23</subfield>
   <subfield code="o">615.8 D507</subfield>
   <subfield code="p">MD.13755</subfield>
   <subfield code="r">2020-04-23</subfield>
   <subfield code="v">90000.00</subfield>
   <subfield code="w">2020-04-23</subfield>
   <subfield code="y">BK</subfield>
  </datafield>
  <datafield tag="980" ind1=" " ind2=" ">
   <subfield code="a">Thư viện Trường Đại học Nam Cần Thơ</subfield>
  </datafield>
 </record>
</collection>
